Govt. of
Madhya Pradesh

Vectors &3D Geometry (Record no. 44790)

MARC details
000 -LEADER
fixed length control field 004960000a22001810004500
003 - CONTROL NUMBER IDENTIFIER
control field MACL
005 - DATE AND TIME OF LATEST TRANSACTION
control field 20160129113621.0
008 - FIXED-LENGTH DATA ELEMENTS--GENERAL INFORMATION
fixed length control field 160129b xxu||||| |||| 00| 0 eng d
040 ## - CATALOGING SOURCE
Original cataloging agency MACL
Transcribing agency MACL
041 ## - LANGUAGE CODE
Language code of text/sound track or separate title English
082 ## - DEWEY DECIMAL CLASSIFICATION NUMBER
Classification number 516/AGA
100 ## - MAIN ENTRY--PERSONAL NAME
Personal name Agarwal, Amit M
9 (RLIN) 31829
245 ## - TITLE STATEMENT
Title Vectors &3D Geometry
Remainder of title Skils in Mathematics for IIT JEE & Other Engineering Entrance
260 ## - PUBLICATION, DISTRIBUTION, ETC. (IMPRINT)
Place of publication, distribution, etc. Meerut
Name of publisher, distributor, etc. Arihant Prakashan
350 ## - PRICE (NR) (BK AM CF MU VM SE) [OBSOLETE]
Price 165
650 ## - SUBJECT ADDED ENTRY--TOPICAL TERM
Topical term or geographic name as entry element Geometry
9 (RLIN) 35189
942 ## - ADDED ENTRY ELEMENTS (KOHA)
Koha item type Books
Call number prefix 516/AGA
Source of classification or shelving scheme
Holdings
Withdrawn status Lost status Source of classification or shelving scheme Damaged status Not for loan Home library Current library Date acquired Cost, normal purchase price Total Checkouts Full call number Barcode Date last seen Date last checked out Uniform Resource Identifier Price effective from Koha item type
          MACL MACL 15/04/2015 165.00 1 516/AGA CLC004902 09/08/2016 30/07/2016 45088 15/04/2015 Books